Los vecinos de Guau Guau son una pesadilla / (Record no. 9009)

000 -CABECERA
fixed length control field 00751nam a22002177a 4500
003 - IDENTIFICADOR DEL NÚMERO DE CONTROL
control field AR-CdUCM
008 - DATOS DE LONGITUD FIJA--INFORMACIÓN GENERAL
fixed length control field 190327b ||||| |||| 00| 0 eng d
020 ## - NÚMERO INTERNACIONAL ESTÁNDAR DEL LIBRO
ISBN 978-607-735-721-6
040 ## - FUENTE DE LA CATALOGACIÓN
Agencia/entidad que catalogó originalmente la obra MUNICIPALIDAD PROVINCIAL DEL CUSCO
Entidad que transcribió la catalogación BIBLIOTECA MUNICIPAL DEL CUSCO
082 ## - NÚMERO DE LA CLASIFICACIÓN DECIMAL DEWEY
No. de Clasificación PI-0017 /
Notacion interna NEW / vec
100 ## - ENTRADA PRINCIPAL--NOMBRE DE PERSONA
Nombre Personal Newgarden, Mark
245 ## - MENCIÓN DE TÍTULO
Título Los vecinos de Guau Guau son una pesadilla /
260 ## - PUBLICACIÓN, DISTRIBUCIÓN, ETC.
Lugar de publicación, distribución, etc. España :
Nombre de la editorial, distribuidor, etc. Oceano Travesía,
Fecha de publicación, distribución, etc. 2016.
300 ## - DESCRIPCIÓN FÍSICA
Otros detalles físicos ilustraciones a color,
Dimensiones 23 cm.
650 ## - PUNTO DE ACCESO ADICIONAL DE MATERIA--TÉRMINO DE MATERIA
Descriptor Libro Ilustrado
9 (RLIN) 24944
650 ## - PUNTO DE ACCESO ADICIONAL DE MATERIA--TÉRMINO DE MATERIA
Descriptor Libro infantil
9 (RLIN) 24945
700 ## - PUNTO DE ACCESO ADICIONAL--NOMBRE DE PERSONA
Nombre Personal Montague Cash, Megan
9 (RLIN) 24946
942 ## - ELEMENTOS DE PUNTO DE ACCESO ADICIONAL (KOHA)
Fuente de clasificación
Tipo de item Libros-BMC
945 ## - PROCESAMIENTO DE INFORMACIÓN LOCAL (OCLC)
Catalogador raen
Holdings
Estado de retiro (separado) Fuente de clasificación o esquema de estanterías Estado dañado Ubicación Sala donde se ubica Nombre de la colección Fecha de adquisición o compra Costo, precio normal en soles Signatura topográfica Código de Barras Última vez visto (Koha) Tipo de ítem (Koha) Número de Ejemplar
No     Sala de Infantes Sala de Infantes Children's Area 2019-03-27 60.00 PI-0017 / NEW / vec SI00000053 2019-03-27 Libros-BMC  
No     Sala de Infantes Sala de Infantes Children's Area 2019-03-27 60.00 PI-0018 / NEW / vec / e.2 SI00000054 2019-03-27 Libros-BMC 2 ej.

Powered by Koha